<?xml version="1.0" encoding="UTF-8"?>
<collection xmlns="http://www.loc.gov/MARC21/slim">
 <record>
  <leader>     na                 </leader>
  <controlfield tag="001">INLIS000000000691800</controlfield>
  <controlfield tag="005">20200218121821</controlfield>
  <datafield tag="035" ind1=" " ind2=" ">
   <subfield code="a">0010-0220000364</subfield>
  </datafield>
  <controlfield tag="007">ta</controlfield>
  <controlfield tag="008">200218                g          m ind  </controlfield>
  <datafield tag="082" ind1=" " ind2=" ">
   <subfield code="a">920.03</subfield>
  </datafield>
  <datafield tag="084" ind1=" " ind2=" ">
   <subfield code="a">920.03 HAS p</subfield>
  </datafield>
  <datafield tag="100" ind1="0" ind2=" ">
   <subfield code="a">Hasan Basri</subfield>
  </datafield>
  <datafield tag="245" ind1="1" ind2=" ">
   <subfield code="a">Pangeran Jagapati Wong Agung wilis Sayu Wiwit :</subfield>
   <subfield code="b">Tiga Pejuang Dari Blambangan /</subfield>
   <subfield code="c">Hasan Basri</subfield>
  </datafield>
  <datafield tag="250" ind1=" " ind2=" ">
   <subfield code="a">Cet. 1</subfield>
  </datafield>
  <datafield tag="260" ind1=" " ind2=" ">
   <subfield code="a">Banyuwangi :</subfield>
   <subfield code="b">Pemerintah Kabupaten Banyuwangi,</subfield>
   <subfield code="c">2006</subfield>
  </datafield>
  <datafield tag="300" ind1=" " ind2=" ">
   <subfield code="a">v, 107 Hlm :</subfield>
   <subfield code="b">Ilus ;</subfield>
   <subfield code="c">20,5 cm</subfield>
  </datafield>
  <datafield tag="856" ind1=" " ind2=" ">
   <subfield code="a">Ruang Baca Umum</subfield>
  </datafield>
  <datafield tag="990" ind1=" " ind2=" ">
   <subfield code="a">00200809/DPKBWI/2020</subfield>
  </datafield>
  <datafield tag="990" ind1=" " ind2=" ">
   <subfield code="a">00500757/DPKBWI/2020</subfield>
  </datafield>
  <datafield tag="990" ind1=" " ind2=" ">
   <subfield code="a">00500758/DPKBWI/2020</subfield>
  </datafield>
  <datafield tag="990" ind1=" " ind2=" ">
   <subfield code="a">00500759/DPKBWI/2020</subfield>
  </datafield>
 </record>
</collection>
